| 000 | 00386nam a2200145 a 4500 | ||
|---|---|---|---|
| 001 | 3589 | ||
| 003 | CDMR | ||
| 005 | 20130116135246.0 | ||
| 008 | 130130s1997||||||||||||||||||||||||||||d | ||
| 040 |
_aCDMR _bcat _cCPC LLEIDA |
||
| 100 | 1 |
_aRoy, Joaquín _91879 |
|
| 245 | 1 | 4 |
_aThe Iberoamerican Space _cROY, Joaquín, GALINSOGA,Albert |
| 260 |
_aMiami _c1997 _bUniversity of Miami |
||
| 942 | _cMON | ||
| 999 |
_c3589 _d3589 |
||